Networks, trust, and social capital : theoretical and empirical investigations from Europe
Αποθηκεύτηκε σε:
| Άλλοι συγγραφείς: | |
|---|---|
| Μορφή: | Βιβλίο |
| Γλώσσα: | English |
| Δημοσίευση: |
Aldershot, Hants, England :
Ashgate,
2005
|
| Θέματα: | |
| Ετικέτες: |
Προσθήκη ετικέτας
Δεν υπάρχουν, Καταχωρήστε ετικέτα πρώτοι!
|
MARC
| LEADER | 00000nam a2200000 i 4500 | ||
|---|---|---|---|
| 001 | 1/58000 | ||
| 008 | 071011s2005 eng d | ||
| 020 | |a 978-0-7546-3636-6 | ||
| 020 | |a 0-7546-3636-4 | ||
| 035 | |l 10091412 | ||
| 040 | |a GR-MY-UA |b gre |e aacr | ||
| 041 | 0 | |a eng | |
| 082 | 0 | |a 306.3 |2 (22) | |
| 245 | 1 | 0 | |a Networks, trust, and social capital : |b theoretical and empirical investigations from Europe / |c edited by Sokratis M. Koniordos |
| 260 | |a Aldershot, Hants, England : |b Ashgate, |c 2005 | ||
| 300 | |a x, 294 σ.; |b σχ., πίν.; |c 25 εκ. | ||
| 500 | |a Το Παράρτημα της βιβλιοθήκης Χίου διαθέτει την ανατύπωση του 2006 | ||
| 504 | |a Περιλαμβάνει βιβλιογραφίες και ευρετήριο | ||
| 650 | 0 | 0 | |a Economics |x Sociological aspects |x Congresses. |
| 650 | 0 | 0 | |a Sociology |x Economic aspects |x Congresses. |
| 650 | 0 | 0 | |a Social capital (Sociology) |z Europe |x Congresses. |
| 650 | 0 | 0 | |a Social networks |z Europe |x Congresses. |
| 650 | 0 | 0 | |a Trust |z Europe |x Congresses. |
| 700 | 1 | |a Κονιόρδος, Σωκράτης. |4 edt | |
| 852 | |a INST |b CHIOS |e 20071011 |h 306.3 NET |p 005200028684 |q 005200028684 |t BK |y 0 | ||
| 852 | |a INST |b LESVOS |e 20090326 |h 306.3 NET |p 005100044625 |q 005100044625 |t BK |y 0 | ||
| 901 | |a BIBL2-2007-3 | ||
| 901 | |a BIBL1-2009-1 | ||
| 909 | |a Χ |b 139613 | ||
| 909 | |a Λ |b 154074 | ||
| 922 | |a 2ΕΛΗ |b 200709 |c ΕΠΕΑΕΚ2/ΤΜΟΔ |d ΠΑΠΑΣΩΤΗΡΙΟΥ | ||
| 922 | |a 1ΕΛΗ |b 200809 |c ΕΠΕΑΕΚ2/ΤΠ |d ΜΙΧΑΛΟΠΟΥΛΟΣ | ||
| 970 | |a ΑΤΣΑΛΗ |b ΔΕΣΠΟΙΝΑ |z 2007/10/11 | ||